Apostolate of St.Thomas in India / (Record no. 749064)

MARC details
000 -LEADER
fixed length control field 01032cam a22002655i 4500
020 ## - INTERNATIONAL STANDARD BOOK NUMBER
ISBN 9789361777370
020 ## - INTERNATIONAL STANDARD BOOK NUMBER
ISBN 9361777378
020 ## - INTERNATIONAL STANDARD BOOK NUMBER
ISBN 9789361773358
020 ## - INTERNATIONAL STANDARD BOOK NUMBER
ISBN 9361773356
041 0# - LANGUAGE CODE
Language code of text/sound track or separate title eng
-- mal
082 04 - DEWEY DECIMAL CLASSIFICATION NUMBER
Classification number 281.540 954 MAL/A
Edition number 23
245 00 - TITLE STATEMENT
Title Apostolate of St.Thomas in India /
Statement of responsibility, etc edited by Pius Malekandathil, K.S. Mathew, James Kurikilamkatt, Jenee Peter.
260 ## - PUBLICATION, DISTRIBUTION, ETC. (IMPRINT)
Place of publication . - Delhi
Name of publisher : Primus Books
Year of publication , 2024
300 ## - PHYSICAL DESCRIPTION
Number of Pages xvi, 526 pages :
Other physical details illustrations (black and white), maps (black and white) ;
490 1# - SERIES STATEMENT
Series statement History of Christianity in India ;
500 ## - GENERAL NOTE
General note Copyright: Liturgical Research Centre, Kochi.
504 ## - BIBLIOGRAPHY, ETC. NOTE
Bibliography, etc Includes bibliographical references (pages 489-519) and index.
546 ## - LANGUAGE NOTE
Language note Includes some pages in Malayalam.
650 #0 - SUBJECT ADDED ENTRY--TOPICAL TERM
Topical Term Saint Thomas Christians
Geographic subdivision India
-- India, Northwestern
650 #0 - SUBJECT ADDED ENTRY--TOPICAL TERM
Topical Term Saint Thomas Christians
Geographic subdivision India
-- India, South
650 #0 - SUBJECT ADDED ENTRY--TOPICAL TERM
Topical Term Christian literature, Early
650 #6 - SUBJECT ADDED ENTRY--TOPICAL TERM
Topical Term Littérature chrétienne primitive
700 1# - ADDED ENTRY--PERSONAL NAME
Personal name Malekandathil, Pius,
942 ## - ADDED ENTRY ELEMENTS (KOHA)
Source of classification or shelving scheme Dewey Decimal Classification
Koha item type Book
Holdings
Withdrawn status Lost status Source of classification or shelving scheme Damaged status Not for loan Home Library Current Location Date acquired Full call number Accession Number Price effective from Koha item type
    Dewey Decimal Classification     Dept. of Political Science Dept. of Political Science 05/02/2025 281.540 954 MAL/A POL23725 27/05/2025 Book